000 00435nam a2200157 i 4500
001 141495
003 ES-MaACL
005 20230906200315.0
007 t|
008 070925s1921 sp ||||1| spa d
100 1 _aVillegas, Baldomero.
_9115202
245 1 3 _aLa causa de nuestros males y el remedio /
_cBaldomero Villegas.
260 _aMadrid :
_bAmbos Mundos,
_c1921.
300 _a164 p. ;
_c20 cm.
852 _aES-MaACL
_jF-7204
999 _c141495
_d141495